| 000 | 01058nam a22002657a 4500 | ||
|---|---|---|---|
| 003 | OSt | ||
| 005 | 20220104154003.0 | ||
| 008 | 200203s2008 ck a|||br|||| 00| j spa d | ||
| 020 | _a9789587047547 | ||
| 040 |
_aCO-JMCR _cCO-JMCR |
||
| 041 | 0 | _aspa | |
| 082 |
_aC / _bHINy |
||
| 100 | 1 |
_aHinojosa, Francisco, _eautor _9111 |
|
| 245 | 1 | 0 |
_aYanka, yanka / _cFrancisco Hinojosa ; ilustraciones de El Fisgón |
| 260 |
_aBogotá : _bAlfaguara, _c2008 |
||
| 300 |
_a[32] páginas : _bilustraciones a color ; _c19 cm. |
||
| 490 | 0 | _aAlfaguara infantil | |
| 520 | _aLa familia pingüina decide ir de vacaciones a la playa para que los pequeños vean cómo es la vida lejos del Polo Sur. Ahí conocen muchos animales y, aunque la pasan muy bien, comprenden que no hay nada mejor que estar en casa. | ||
| 521 |
_aDesde 6 años _bTomado de tapa posterior |
||
| 650 | 1 | 4 |
_aCuentos infantiles _9177 |
| 650 | 1 | 4 |
_aPingüinos _xcuentos infantiles _9178 |
| 650 | 1 | 4 |
_aVacaciones _x cuentos infantiles _9179 |
| 710 |
_aEl fisgón, _eilustrador _9112 |
||
| 942 |
_2ddc _cBK |
||
| 999 |
_c6417 _d6417 |
||